banner-ar

الاسكواش : رياضة الفن والحركة / (Record no. 47861)

MARC details
000 -الفاتح
حقل البيانات ثابتة الطول 00507nam a2200169Ia 4500
008 - عناصر البيانات ثابتة الطول - معلومات عامة
حقل البيانات ثابتة الطول 140319s9999 xx 000 0 ara d
040 ## - مصدر الفهرسة
وكالة الفهرسة الأصلية GCL /
وكالة النسخ GCL
082 04 - رقم تصنيف ديوى العشرى
رقم التصنيف 792.343
رقم المادة ر ا
100 1# - المدخل الرئيسى - إسم شخصى
الإسم الشخصى راتب احمد قبيعة
245 10 - بيان العنوان
العنوان الاسكواش : رياضة الفن والحركة /
بيان المسئوليه,etc راتب احمد قبيعة
700 1# - المدخل الاضافى - اسم شخصى
الإسم الشخصى خالد الكردى
490 ## - بيان السلسلة
عنوان السلسلة سلاسل سوفنير
رقم المجلد/ التعيين التسلسلي 0
650 04 - المدخل الاضافى بالموضوع-مصطلح موضوعى
مصطلح موضوعي العاب الكرة
650 04 - المدخل الاضافى بالموضوع-مصطلح موضوعى
مصطلح موضوعي الاسكواش
942 ## - عناصر المدخل الإضافي( كوها)
مصدر التصنيف او مخطط الترفيف Dewey Decimal Classification
Koha [default] item type كتاب
Holdings
حالة التراجع حالة الفقد حالة تلف ليس للاعارة المكان المؤقت الموقع الحالى تاريخ الاكتساب اجمالي اﻻعارات رقم الطلب الباركود تاريخ اخر مشاهدة تاريخ تفعيل السعر نوع وعاء كوها
        مكتبة القاهرة الكبرى مكتبة القاهرة الكبرى 03/26/2014   792.343\ر ا 115415 03/26/2014 03/26/2014 كتاب
        مكتبة القاهرة الكبرى مكتبة القاهرة الكبرى 03/26/2014   792.343\ر ا 115416 03/26/2014 03/26/2014 كتاب

Powered By

EGPV